Essays on Sankaradeva (Record no. 397305)

000 -LEADER
fixed length control field 00475cam a22001457a 4500
008 - FIXED-LENGTH DATA ELEMENTS--GENERAL INFORMATION
fixed length control field 180718b1996 xxu||||| |||| 00| 0 eng d
082 ## - DEWEY DECIMAL CLASSIFICATION NUMBER
Classification number A99/Sh18 G699
245 ## - TITLE STATEMENT
Title Essays on Sankaradeva
Statement of responsibility, etc. edited by Ranjit Kumar Dev Goswami
260 ## - PUBLICATION, DISTRIBUTION, ETC.
Place of publication, distribution, etc. Guwahati
Name of publisher, distributor, etc. Lawyer's Book Stall
Date of publication, distribution, etc. 1996
300 ## - PHYSICAL DESCRIPTION
Extent 283p.
650 ## - SUBJECT ADDED ENTRY--TOPICAL TERM
Topical term or geographic name entry element Poetry, Ancient - India
650 ## - SUBJECT ADDED ENTRY--TOPICAL TERM
Topical term or geographic name entry element India - Religion - Philosophy
650 ## - SUBJECT ADDED ENTRY--TOPICAL TERM
Topical term or geographic name entry element Shankaradeva - Criticism and interpretation
700 ## - ADDED ENTRY--PERSONAL NAME
Personal name Goswami, Ranjit Kumar Dev
Holdings
Withdrawn status Lost status Damaged status Not for loan Permanent Location Current Location Date acquired Full call number Barcode Date last seen Price effective from Koha item type
        Indian Institute of Public Administration Indian Institute of Public Administration 2001-06-22 A99/Sh18 G699 76672 2018-07-21 2018-07-21 Book

Powered by Koha